Normal view
MARC view
Entry Personal Name
001 - CONTROL NUMBER
- control field: 1148472
003 - CONTROL NUMBER IDENTIFIER
- control field: OSt
005 - DATE AND TIME OF LATEST TRANSACTION
- control field: 20260324113848.0
008 - FIXED-LENGTH DATA ELEMENTS
- fixed length control field: 260324|| aca||aabn | a|a d
040 ## - CATALOGING SOURCE
- Original cataloging agency: OSt
- Transcribing agency: OSt
100 ## - HEADING--PERSONAL NAME
- Personal name: Ajay Kumar; Sangeeta Rani; Surbhi Bhatia; Sarita Rathee
670 ## - SOURCE DATA FOUND
- Source citation: Work cat.: (OSt)1738342: Ajay Kumar; Sangeeta Rani; Surbhi Bhatia; Sarita Rathee, Security and Risk Analysis for Intelligent Cloud Computing
